Fate - Trouvez tous les Berserker - Statistiques

Statistiques générales
  • Ce quiz a été pris 6 fois
  • Le résultat moyen est 22 sur 38
Statistiques - réponses
Par images Réponse % Correct
Cú Chulainn (Alter)
100%
Heracles
100%
Caligula
75%
Frankenstein
75%
Lancelot (Berserker)
75%
Morgan
75%
Mysterious Heroine X (Alter)
75%
Sen no Rikyu
75%
Spartacus
75%
Vlad III
75%
Arjuna (Alter)
50%
Asterios
50%
Atalanta (Alter)
50%
Beowulf
50%
Chacha
50%
Darius III
50%
Duryodhana
50%
Eric Bloodaxe
50%
Galatea
50%
Hijikata Toshizo
50%
Ibaraki Doji
50%
Kijyo Koyo
50%
Kiyohime
50%
Kriemhild
50%
Lilith
50%
Louhi
50%
Lü Bu Fengxian
50%
Minamoto-no-Raiko
50%
Mori Nagayoshi
50%
Nagakura Shinpachi
50%
Nightingale
50%
Paul Bunyan
50%
Penthesilea
50%
Sakata Kintoki
50%
Salome
50%
Shizuki Sojuro
50%
Tamamo Cat
50%
Xiang Yu
50%
Aucun quiz correspondant
Distribution des résultats
% des personnes avec chaque résultat
Percentile par nombre de réponses
Votre historique - résultats
Vous n’avez pas pris ce quiz